[Event "AUT-ch U18"]
[Site "St Veit"]
[Date "2021.10.25"]
[Round "2.1"]
[White "Valtiner, Adamo"]
[Black "Peyrer, Konstantin"]
[Result "0-1"]
[WhiteElo "2029"]
[BlackElo "2300"]
[PlyCount "82"]
[EventDate "2021.10.25"]
[EventType "swiss"]
[EventRounds "7"]
[EventCountry "AUT"]
[SourceTitle "EXT 2023"]
[Source "ChessBase"]
[SourceDate "2022.10.05"]
[SourceVersion "1"]
[SourceVersionDate "2022.10.05"]
[SourceQuality "1"]

1. e4 e5 2. f4 exf4 3. Nf3 d5 4. exd5 Nf6 5. c4 c6 6. dxc6 Nxc6 7. d4 Bb4+ 8. Bd2 Bxd2+ 9. Qxd2 0-0 10. Nc3 Ng4 11. Qxf4 Re8+ 12. Be2 Ne3 13. Kf2 h6 14. Qxe3 Rxe3 15. Kxe3 Bg4 16. Rad1 Qb6 17. Na4 Qa5 18. Nc3 Qb4 19. Rd2 Re8+ 20. Kf2 Bxf3 21. gxf3 Qd6 22. d5 Qf4 23. Ke1 Ne5 24. Kd1 Nxf3 25. Rd3 Ne5 26. Rf1 Qxc4 27. Rd2 Qb4 28. a3 Qb3+ 29. Kc1 Nc4 30. Bxc4 Qxc4 31. Rfd1 f5 32. Rd4 Qc5 33. Kb1 Qd6 34. Rb4 f4 35. h4 f3 36. Rf1 Qg6+ 37. Ka2 Qg2 38. Rd1 f2 39. Rf4 Re1 40. Rd2 f1Q 41. Rxf1 Qxd2 0-1

[Event "EU-Cup 36th"]
[Site "Struga"]
[Date "2021.09.19"]
[Round "2.17"]
[White "Schwab, Patrick1111"]
[Black "Valtiner, Adamo"]
[Result "0-1"]
[WhiteElo "1848"]
[BlackElo "1946"]
[PlyCount "50"]
[EventDate "2021.09.18"]
[EventType "team-swiss"]
[EventRounds "7"]
[EventCountry "MKD"]
[SourceTitle "CBM 204 Extra"]
[Source "ChessBase"]
[SourceDate "2021.11.30"]
[SourceVersion "1"]
[SourceVersionDate "2021.11.30"]
[SourceQuality "1"]
[WhiteTeam "Echternach Sprenger"]
[BlackTeam "Raika Feffernitz"]
[WhiteTeamCountry "LUX"]
[BlackTeamCountry "AUT"]

1. d4 Nf6 2. Nf3 c5 3. c4 cxd4 4. Nxd4 Nc6 5. Nc3 e5 6. Nf3 h6 7. g3 Bb4 8. Bd2 e4 9. Nh4 Bc5 10. Bh3 g5 11. Nf5 d6 12. g4 h5 13. Bxg5 hxg4 14. Bxg4 Ne5 15. Ng7+ Kf8 16. Bxc8 Rxc8 17. Nxe4 Nxe4 18. Bxd8 Bxf2+ 19. Kf1 Kxg7 20. Be7 Nxc4 21. Rg1+ Kh7 22. Bg5 Rhg8 23. Qd3 Ncd2+ 24. Qxd2 Nxd2+ 25. Kxf2 Rxg5 0-1

[Event "AUT-ch U18 Online Rapid"]
[Site "Playchess.com INT"]
[Date "2020.12.13"]
[Round "4"]
[White "Schmidt, Florian1111"]
[Black "Valtiner, Adamo"]
[Result "1/2-1/2"]
[WhiteElo "1719"]
[BlackElo "1657"]
[PlyCount "173"]
[EventDate "2020.12.13"]
[EventType "swiss (rapid)"]
[EventRounds "7"]
[EventCountry "AUT"]
[SourceTitle "EXT 2022"]
[Source "ChessBase"]
[SourceDate "2021.10.06"]
[SourceVersion "1"]
[SourceVersionDate "2021.10.06"]
[SourceQuality "1"]

1. e4 c5 2. d4 cxd4 3. c3 d5 4. exd5 Qxd5 5. Nf3 Bg4 6. Be2 d3 7. Qxd3 Qxd3 8. Bxd3 Bxf3 9. gxf3 Nf6 10. Na3 Nc6 11. Rg1 0-0-0 12. Bc2 Ne5 13. Ke2 g6 14. Bf4 Nc6 15. Nc4 Nh5 16. Bg5 f6 17. Be3 e5 18. b4 Nf4+ 19. Kf1 Bg7 20. b5 Ne7 21. Bxa7 Ned5 22. Be4 Nxc3 23. Nb6+ Kc7 24. Rc1 Nfe2 25. Nd5+ Rxd5 26. Bxd5 Nxc1 27. Bc4 Ra8 28. b6+ Kc6 29. Kg2 Kc5 30. Bf7 Bh6 31. Re1 N3xa2 32. Re4 Nb4 33. Rc4+ Kb5 34. Rc3 Ncd3 35. Bc4+ Kc5 36. Bxd3+ Kd4 37. Rc4+ Kxd3 38. Rxb4 Bf8 39. Rb1 Kc4 40. Rc1+ Kb5 41. Rc7 Ka6 42. Rxh7 Bc5 43. Rf7 f5 44. Rf6 Rd8 45. Rxg6 Rd2 46. h4 Rxf2+ 47. Kg3 f4+ 48. Kg4 Rg2+ 49. Kf5 Rxg6 50. Kxg6 e4 51. h5 exf3 52. h6 f2 53. h7 f1Q 54. h8Q Qg2+ 55. Kf7 Qd5+ 56. Kg6 Qe6+ 57. Kg5 Qe7+ 58. Kxf4 Qd6+ 59. Ke4 Qc6+ 60. Kf5 Qf3+ 61. Ke6 Qe4+ 62. Qe5 Qc6+ 63. Kf5 Qf3+ 64. Ke6 Qb3+ 65. Qd5 Qe3+ 66. Qe5 Qh3+ 67. Kd5 Qa3 68. Qe2+ Ka5 69. Qd2+ Qb4 70. Qa2+ Kb5 71. Qe2+ Ka5 72. Qa2+ Qa3 73. Qxa3+ Bxa3 74. Kc4 Ka6 75. Kb3 Bc5 76. Kc4 Bxb6 77. Bb8 Bd8 78. Bd6 b5+ 79. Kb3 Bb6 80. Bb4 Kb7 81. Be7 Kc6 82. Bb4 Bc5 83. Ba5 Kd5 84. Bc3 Bd6 85. Ba5 Be5 86. Bb4 Bd4 87. Ba5 1/2-1/2

[Event "AUT-ch U18 Online Rapid"]
[Site "Playchess.com INT"]
[Date "2020.12.13"]
[Round "3"]
[White "Valtiner, Adamo"]
[Black "Pernerstorfer, Max"]
[Result "1/2-1/2"]
[WhiteElo "1657"]
[BlackElo "1905"]
[PlyCount "142"]
[EventDate "2020.12.13"]
[EventType "swiss (rapid)"]
[EventRounds "7"]
[EventCountry "AUT"]
[SourceTitle "EXT 2022"]
[Source "ChessBase"]
[SourceDate "2021.10.06"]
[SourceVersion "1"]
[SourceVersionDate "2021.10.06"]
[SourceQuality "1"]

1. c4 Nf6 2. Nc3 e6 3. e4 c5 4. g3 Nc6 5. Bg2 Be7 6. Nge2 0-0 7. 0-0 b6 8. d3 Bb7 9. f4 d5 10. e5 Ne8 11. cxd5 exd5 12. Nxd5 Nc7 13. Nxe7+ Qxe7 14. a3 Rad8 15. Qc2 Ne6 16. Be3 Ncd4 17. Nxd4 Nxd4 18. Bxd4 Rxd4 19. Rae1 Bxg2 20. Kxg2 Rfd8 21. f5 Rxd3 22. Re2 R3d5 23. f6 Qe6 24. Qc3 Rd3 25. Qc1 Qd5+ 26. Kg1 Qd4+ 27. Kg2 Qg4 28. Ref2 Qe4+ 29. Kg1 Qxe5 30. fxg7 R3d7 31. Qc4 Qd4 32. Qe2 Qxg7 33. Rf4 Kh8 34. Rg4 Qh6 35. Qe5+ f6 36. Qxf6+ Qxf6 37. Rxf6 Rd1+ 38. Kg2 R1d2+ 39. Rf2 Rxf2+ 40. Kxf2 Rd2+ 41. Kg1 Rxb2 42. Ra4 a5 43. Rf4 Rb3 44. a4 Rb4 45. Rf6 Kg7 46. Rc6 Rb2 47. h3 Kf7 48. g4 Kg7 49. Kf1 Rb3 50. Kg2 Kf7 51. h4 Kg7 52. g5 Kf7 53. h5 Kg7 54. Rc7+ Kg8 55. Rc6 Kg7 56. Rc7+ Kg8 57. Rc6 Rb4 58. Kg3 Rxa4 59. Rxb6 Rc4 60. Kf3 a4 61. h6 Kf7 62. Ra6 a3 63. Rxa3 Kg6 64. Ra7 Kxg5 65. Rxh7 Kg6 66. Rc7 Kxh6 67. Ke3 Kg6 68. Kd3 Rc1 69. Ke4 Kf6 70. Kd5 c4 71. Rxc4 Rd1+ 1/2-1/2

[Event "AUT-ch U18 Online Blitz"]
[Site "Playchess.com INT"]
[Date "2020.12.11"]
[Round "1"]
[White "Leisch, Lukas"]
[Black "Valtiner, Adamo"]
[Result "1/2-1/2"]
[WhiteElo "2032"]
[BlackElo "1620"]
[PlyCount "141"]
[EventDate "2020.12.11"]
[EventType "swiss (blitz)"]
[EventRounds "7"]
[EventCountry "AUT"]
[SourceTitle "EXT 2022"]
[Source "ChessBase"]
[SourceDate "2021.10.06"]
[SourceVersion "1"]
[SourceVersionDate "2021.10.06"]
[SourceQuality "1"]

1. c4 e5 2. Nc3 Nc6 3. e3 f5 4. d4 Nf6 5. dxe5 Nxe5 6. b3 Bb4 7. Bb2 d6 8. a3 Bxc3+ 9. Bxc3 0-0 10. Be2 Be6 11. Nf3 Nc6 12. 0-0 Ne4 13. Bb2 Qe8 14. Nd4 Bd7 15. Bf3 Ne5 16. Be2 Nc6 17. Nxc6 Bxc6 18. Qd4 Qg6 19. Bf3 Rae8 20. Rad1 f4 21. Qxa7 Ng5 22. Bxc6 bxc6 23. Kh1 f3 24. g3 Ne4 25. Qxc7 Rf5 26. a4 Rh5 27. Qxg7+ Qxg7 28. Bxg7 Kxg7 29. Ra1 Re6 30. a5 Reh6 31. h4 Re6 32. a6 Re8 33. a7 Ra8 34. Ra6 Rc5 35. Rfa1 Nxf2+ 36. Kg1 Nd3 37. Rb6 f2+ 38. Kf1 Rf5 39. Rxc6 Rff8 40. Rxd6 Ne5 41. Rd2 Ng4 42. Kg2 Nxe3+ 43. Kh1 f1Q+ 44. Rxf1 Rxf1+ 45. Kh2 Raf8 46. Rd7+ R1f7 47. Rd3 Ng4+ 48. Kg2 Rf2+ 49. Kh3 Ne5 50. Rd5 Ng6 51. Ra5 Ra8 52. b4 Rf5 53. b5 Rf7 54. b6 Rb7 55. c5 Ne5 56. Ra4 Nc6 57. Re4 Kf6 58. g4 Raxa7 59. bxa7 Rxa7 60. g5+ Kf5 61. Re3 Ra4 62. Rf3+ Ke5 63. Rf6 Nd4 64. Rf7 Rc4 65. Rxh7 Rxc5 66. g6 Kf6 67. h5 Ne6 68. Rf7+ Kg5 69. g7 Nxg7 70. Rxg7+ Kxh5 71. Rg3 1/2-1/2

[Event "AUT-ch U16"]
[Site "Sankt Veit an der Glan"]
[Date "2019.04.18"]
[Round "7"]
[White "Kienboeck, Benjamin"]
[Black "Valtiner, Adamo"]
[Result "0-1"]
[WhiteElo "1754"]
[BlackElo "1844"]
[PlyCount "130"]
[EventDate "2019.04.14"]
[EventType "swiss"]
[EventRounds "7"]
[EventCountry "AUT"]
[SourceTitle "CBM 190 Extra"]
[Source "ChessBase"]
[SourceDate "2019.07.15"]
[SourceVersion "1"]
[SourceVersionDate "2019.07.15"]
[SourceQuality "1"]

1. e4 d5 2. exd5 Qxd5 3. Nc3 Qd6 4. d4 Nf6 5. Bc4 a6 6. a4 Bg4 7. Be2 Bf5 8. Bf3 Nc6 9. Nge2 0-0-0 10. 0-0 Nb4 11. Bf4 Qd7 12. Rc1 h6 13. Qd2 g5 14. Be5 g4 15. Be4 Rg8 16. Bxf6 exf6 17. Qf4 Bxe4 18. Nxe4 Nd5 19. Qd2 Qxa4 20. b3 Qe8 21. N4g3 Rg5 22. Rfe1 Qd7 23. Ne4 Rg6 24. c3 f5 25. Nc5 Qc6 26. Nd3 Qb6 27. c4 Nf6 28. Ne5 Ne4 29. Qf4 Rf6 30. Nxg4 fxg4 31. Qxe4 Qe6 32. Qxe6+ fxe6 33. Red1 c5 34. dxc5 Rxd1+ 35. Rxd1 Bxc5 36. Rf1 Kc7 37. Nc3 Bd4 38. Ne2 Bc5 39. Nc3 Rf4 40. Ne2 Re4 41. Nc3 Rd4 42. Ne2 Rd3 43. Rb1 Rd2 44. Kf1 e5 45. g3 Kd6 46. b4 Bd4 47. Nxd4 exd4 48. Ke1 Rc2 49. c5+ Kd5 50. b5 Kxc5 51. bxa6 bxa6 52. Ra1 Kb5 53. Rb1+ Kc4 54. Ra1 Kd3 55. Rd1+ Ke4 56. Ra1 Kf3 57. Rxa6 Re2+ 58. Kd1 Rxf2 59. Rxh6 Ke3 60. h3 gxh3 61. Rxh3 Rf1+ 62. Kc2 d3+ 63. Kc3 Rc1+ 64. Kb2 d2 65. g4+ Kf4 0-1

[Event "AUT-ch U16"]
[Site "Sankt Veit an der Glan"]
[Date "2019.04.14"]
[Round "2"]
[White "Bauer, Sebastian1111"]
[Black "Valtiner, Adamo"]
[Result "1-0"]
[WhiteElo "2031"]
[BlackElo "1844"]
[PlyCount "119"]
[EventDate "2019.04.14"]
[EventType "swiss"]
[EventRounds "7"]
[EventCountry "AUT"]
[SourceTitle "CBM 190 Extra"]
[Source "ChessBase"]
[SourceDate "2019.07.15"]
[SourceVersion "1"]
[SourceVersionDate "2019.07.15"]
[SourceQuality "1"]

1. e4 e5 2. Nf3 Nf6 3. Nxe5 d6 4. Nc4 Nxe4 5. Qe2 Qe7 6. d3 Nf6 7. Bg5 Qxe2+ 8. Bxe2 Be7 9. 0-0 h6 10. Bh4 0-0 11. Nbd2 Nc6 12. Nf3 g5 13. Bg3 Nh5 14. d4 Nxg3 15. hxg3 g4 16. Nh2 Nxd4 17. Bxg4 Nxc2 18. Rad1 Nb4 19. Rfe1 Bf6 20. a3 Nc6 21. b4 a6 22. Ne3 Bd4 23. Nd5 Bxg4 24. Nxg4 Kg7 25. Nxc7 Rac8 26. Nd5 Rce8 27. Nge3 Kg6 28. Rd3 Bxe3 29. Nxe3 Re6 30. Red1 Rd8 31. f4 Ne7 32. g4 f5 33. gxf5+ Nxf5 34. Kf2 Nxe3 35. Rxe3 Rf6 36. Kf3 d5 37. Re7 Rb6 38. g4 a5 39. Rde1 axb4 40. axb4 Rc8 41. f5+ Kf6 42. R1e6+ Rxe6 43. Rxe6+ Kg7 44. Rg6+ Kh7 45. Rb6 Rc3+ 46. Kf4 Rc4+ 47. Kg3 Rc7 48. Kh4 d4 49. Rd6 Rc4 50. b5 Rb4 51. b6 d3 52. Kh5 Kg7 53. Rd7+ Kf8 54. g5 hxg5 55. Kg6 Rxb6+ 56. f6 Re6 57. Rd8+ Re8 58. Rxd3 Rc8 59. Rh3 Kg8 60. f7+ 1-0

[Event "AUT-ch U14"]
[Site "St Veit"]
[Date "2017.06.04"]
[Round "3.2"]
[White "Kruckenhauser, Arthur"]
[Black "Valtiner, Adamo"]
[Result "1-0"]
[WhiteElo "1918"]
[BlackElo "1652"]
[PlyCount "115"]
[EventDate "2017.06.03"]
[EventType "swiss"]
[EventRounds "7"]
[EventCountry "AUT"]
[SourceTitle "EXT 2024"]
[Source "ChessBase"]
[SourceDate "2023.10.10"]
[SourceVersion "1"]
[SourceVersionDate "2023.10.10"]
[SourceQuality "1"]

1. e4 c5 2. Nf3 Nc6 3. d4 cxd4 4. Nxd4 d6 5. c4 g6 6. Nc3 Bg7 7. Be3 Nf6 8. Be2 Nxd4 9. Bxd4 0-0 10. 0-0 Be6 11. f3 Nd7 12. Bxg7 Kxg7 13. Qd4+ Kg8 14. f4 Qb6 15. Rad1 Qxd4+ 16. Rxd4 Nf6 17. f5 Bd7 18. g4 g5 19. Nd5 Nxd5 20. Rxd5 Bc6 21. Rd4 f6 22. b4 a6 23. c5 dxc5 24. Bc4+ Kg7 25. bxc5 Rfd8 26. Rfd1 Rxd4 27. Rxd4 a5 28. Bd5 Rc8 29. Kf2 Kf8 30. Ke3 Ke8 31. Be6 Rc7 32. h4 gxh4 33. Rd2 Bd7 34. Bxd7+ Rxd7 35. Rh2 Rd1 36. Rxh4 Ra1 37. Rh2 Rg1 38. Rb2 Rxg4 39. Rxb7 Rg3+ 40. Kd4 Ra3 41. c6 Kd8 42. Rd7+ Ke8 43. Rd5 Rxa2 44. c7 Rd2+ 45. Ke3 Rxd5 46. c8Q+ Rd8 47. Qa6 Rd6 48. Qxa5 Kf7 49. Qa2+ Kg7 50. Qh2 Ra6 51. Qc7 Ra3+ 52. Kf4 Kf7 53. Qc4+ Kf8 54. e5 fxe5+ 55. Kxe5 Re3+ 56. Kf4 Rh3 57. Qc8+ Kf7 58. f6 1-0

[Event "AUT-ch U14"]
[Site "St Veit"]
[Date "2016.05.14"]
[Round "2"]
[White "Schmidt, Florian1111"]
[Black "Valtiner, Adamo"]
[Result "1-0"]
[WhiteElo "1652"]
[BlackElo "1545"]
[PlyCount "61"]
[EventDate "2016.05.14"]
[EventType "swiss"]
[EventRounds "7"]
[EventCountry "AUT"]
[SourceTitle "CBM 172 Extra"]
[Source "ChessBase"]
[SourceDate "2016.06.21"]
[SourceVersion "1"]
[SourceVersionDate "2016.06.21"]
[SourceQuality "1"]

1. e4 c5 2. d4 cxd4 3. c3 dxc3 4. Nxc3 Nc6 5. Bc4 d6 6. Nf3 Bg4 7. Bxf7+ Kxf7 8. Ng5+ Ke8 9. Qxg4 Nf6 10. Qg3 Qd7 11. 0-0 h6 12. Nf3 Qg4 13. Qxg4 Nxg4 14. Bf4 e5 15. Bg3 Nf6 16. Nd5 Rc8 17. Nxf6+ gxf6 18. Nh4 Be7 19. Nf5 Kf7 20. f4 a6 21. Rad1 Rcd8 22. Kh1 b5 23. fxe5 dxe5 24. Rxd8 Rxd8 25. Nxh6+ Ke6 26. Nf5 Rd2 27. Bh4 Rxb2 28. Nxe7 Kxe7 29. Rxf6 Rb1+ 30. Rf1+ Kd6 31. Rxb1 1-0

[Event "AUT-ch U12"]
[Site "Woerth"]
[Date "2015.05.25"]
[Round "6.6"]
[White "Guskic, Andrija"]
[Black "Valtiner, Adamo"]
[Result "0-1"]
[WhiteElo "1669"]
[BlackElo "1334"]
[PlyCount "94"]
[EventDate "2015.05.23"]
[EventType "swiss"]
[EventRounds "7"]
[EventCountry "AUT"]
[SourceTitle "EXT 2024"]
[Source "ChessBase"]
[SourceDate "2023.10.10"]
[SourceVersion "1"]
[SourceVersionDate "2023.10.10"]
[SourceQuality "1"]

1. e4 e5 2. Nf3 Nc6 3. d4 exd4 4. Nxd4 g6 5. Nc3 Bg7 6. Be3 d6 7. Bc4 Ne5 8. Bb3 Nf6 9. f3 a6 10. Nde2 Be6 11. 0-0 0-0 12. Kh1 Nc4 13. Bxc4 Bxc4 14. Qd2 Re8 15. Rf2 d5 16. exd5 Nxd5 17. Bh6 Nxc3 18. Nxc3 Qxd2 19. Bxd2 Rad8 20. g3 h5 21. Rc1 Re6 22. b3 Bd5 23. Kg2 Re5 24. h4 Rf5 25. Nd1 Bxf3+ 26. Rxf3 Rxd2+ 27. Nf2 Bd4 28. Rxf5 gxf5 29. Rf1 Rxc2 30. a3 Bxf2 31. Rxf2 Rxf2+ 32. Kxf2 Kg7 33. Ke3 Kf6 34. Kd4 f4 35. gxf4 Kf5 36. Ke3 Kg4 37. Ke4 Kxh4 38. Kf5 Kg3 39. Kg5 h4 40. f5 h3 41. Kf6 h2 42. Kxf7 h1Q 43. f6 Qd5+ 44. Kg7 Qxb3 45. f7 Qxa3 46. f8Q Qxf8+ 47. Kxf8 b5 0-1

[Event "AUT-ch U12"]
[Site "Woerth"]
[Date "2015.05.25"]
[Round "5.7"]
[White "Valtiner, Adamo"]
[Black "Graf, David"]
[Result "0-1"]
[WhiteElo "1334"]
[BlackElo "1479"]
[PlyCount "92"]
[EventDate "2015.05.23"]
[EventType "swiss"]
[EventRounds "7"]
[EventCountry "AUT"]
[SourceTitle "EXT 2024"]
[Source "ChessBase"]
[SourceDate "2023.10.10"]
[SourceVersion "1"]
[SourceVersionDate "2023.10.10"]
[SourceQuality "1"]

1. e4 e5 2. Nf3 Nc6 3. Nc3 Nf6 4. d4 exd4 5. Nxd4 Bb4 6. f3 d5 7. Bg5 dxe4 8. Bb5 Bd7 9. Nxc6 Bxc6 10. Bxc6+ bxc6 11. Qxd8+ Rxd8 12. Bxf6 gxf6 13. fxe4 Rg8 14. 0-0 Rd2 15. Rf2 Bc5 16. Raf1 Rxc2 17. Na4 Bxf2+ 18. Rxf2 Rxf2 19. Kxf2 Ke7 20. g3 Rd8 21. Ke3 Rd1 22. a3 Rh1 23. h4 Rh3 24. Kf3 Rh2 25. Ke3 Ke6 26. Nc5+ Kd6 27. Nd3 Rc2 28. a4 c5 29. Nf4 Rxb2 30. Nd5 Rb3+ 31. Kf4 c4 32. Ne3 Rxe3 33. Kxe3 Kc5 34. g4 Kb4 35. Kd2 Kxa4 36. Kc3 Kb5 37. h5 a5 38. Kb2 Kb4 39. h6 c3+ 40. Kc2 a4 41. Kb1 Kb3 42. Kc1 a3 43. e5 a2 44. Kd1 a1Q+ 45. Ke2 fxe5 46. Ke3 Qc1+ 0-1

[Event "AUT-ch U12"]
[Site "Woerth"]
[Date "2015.05.24"]
[Round "3.10"]
[White "Valtiner, Adamo"]
[Black "Koglbauer, Til"]
[Result "1-0"]
[WhiteElo "1334"]
[BlackElo "1203"]
[PlyCount "63"]
[EventDate "2015.05.23"]
[EventType "swiss"]
[EventRounds "7"]
[EventCountry "AUT"]
[SourceTitle "EXT 2024"]
[Source "ChessBase"]
[SourceDate "2023.10.10"]
[SourceVersion "1"]
[SourceVersionDate "2023.10.10"]
[SourceQuality "1"]

1. e4 c5 2. Nc3 d6 3. Nf3 Nf6 4. h3 g6 5. d4 cxd4 6. Nxd4 Bd7 7. Be3 Bg7 8. Qd2 h5 9. 0-0-0 Nc6 10. f3 Nxd4 11. Bxd4 Bh6 12. Be3 Bxe3 13. Qxe3 Be6 14. Bb5+ Nd7 15. Bxd7+ Bxd7 16. e5 dxe5 17. Qxe5 f6 18. Qe4 g5 19. Qg6+ Kf8 20. Qd3 Ke8 21. Rhe1 a6 22. Rd2 Bc6 23. Qg6+ Kf8 24. Rxd8+ Rxd8 25. Ne4 Be8 26. Qf5 Bd7 27. Qc5 Rc8 28. Qb4 Kg7 29. Qxe7+ Kg6 30. Qxf6+ Kh7 31. Nxg5+ Kg8 32. Qf7# 1-0